Django / (Record no. 8347)

MARC details
000 -LEADER
fixed length control field 02006cam a2200469 a 4500
001 - CONTROL NUMBER
control field 8347
003 - CONTROL NUMBER IDENTIFIER
control field FISKH
005 - DATE AND TIME OF LATEST TRANSACTION
control field 20250910082133.0
008 - FIXED-LENGTH DATA ELEMENTS--GENERAL INFORMATION
fixed length control field 091009s2009 nyua j bk 000 0beng
010 ## - LIBRARY OF CONGRESS CONTROL NUMBER
LC control number 2009042744
020 ## - INTERNATIONAL STANDARD BOOK NUMBER
International Standard Book Number 9781596434226
Qualifying information hbk.
020 ## - INTERNATIONAL STANDARD BOOK NUMBER
International Standard Book Number 1596434228
Qualifying information hbk.
040 ## - CATALOGING SOURCE
Original cataloging agency DLC
Transcribing agency DLC
Modifying agency DLC
Language of cataloging eng
050 00 - LIBRARY OF CONGRESS CALL NUMBER
Classification number ML3930.R33
Item number C57 2009
082 00 - DEWEY DECIMAL CLASSIFICATION NUMBER
Classification number 787.87/165092
-- B
Edition number 22
100 1# - MAIN ENTRY--PERSONAL NAME
Personal name Christensen, Bonnie.
245 10 - TITLE STATEMENT
Title Django /
Statement of responsibility, etc. Bonnie Christensen.
260 ## - PUBLICATION, DISTRIBUTION, ETC.
Place of publication, distribution, etc. New York :
Name of publisher, distributor, etc. Roaring Brook Press,
Date of publication, distribution, etc. 2009.
300 ## - PHYSICAL DESCRIPTION
Extent 30 unnumbered pages :
Other physical details color illustrations ;
Dimensions 26 cm
336 ## - CONTENT TYPE
Content type term text
Content type code txt
Source rdacontent
337 ## - MEDIA TYPE
Media type term unmediated
Media type code n
Source rdamedia
338 ## - CARRIER TYPE
Carrier type term volume
Carrier type code nc
Source rdacarrier
500 ## - GENERAL NOTE
General note "A Neal Porter book."
504 ## - BIBLIOGRAPHY, ETC. NOTE
Bibliography, etc. note Includes bibliographical references and discography.
505 ## - FORMATTED CONTENTS NOTE
Formatted contents note R<br/>
520 ## - SUMMARY, ETC.
Summary, etc. Born into a traveling gypsy family, young Django Reinhardt taught himself guitar at an early age. He was soon acclaimed as the "Gypsy Genius" and "Prodigy Boy," but one day his world changed completely when a fire claimed the use of his fretting hand. Folks said Django would never play again, but with passion and perseverance he was soon setting the world's concert stages ablaze.
521 8# - TARGET AUDIENCE NOTE
Target audience note 700<br/>
Source Lexile<br/>
521 8# - TARGET AUDIENCE NOTE
Target audience note R<br/>
Source Raz-Plus<br/>
586 ## - AWARDS NOTE
Awards note Schneider Family Book Award, Young Children, 2010.
600 10 - SUBJECT ADDED ENTRY--PERSONAL NAME
Personal name Reinhardt, Django,
Dates associated with a name 1910-1953
Form subdivision Juvenile literature.
600 11 - SUBJECT ADDED ENTRY--PERSONAL NAME
Personal name Reinhardt, Django,
Dates associated with a name 1910-1953.
650 #0 - SUBJECT ADDED ENTRY--TOPICAL TERM
Topical term or geographic name entry element Guitarists
Geographic subdivision France
Form subdivision Biography
-- Juvenile literature.
650 #0 - SUBJECT ADDED ENTRY--TOPICAL TERM
Topical term or geographic name entry element Jazz musicians
Geographic subdivision France
Form subdivision Biography
-- Juvenile literature.
650 #1 - SUBJECT ADDED ENTRY--TOPICAL TERM
Topical term or geographic name entry element Guitarists.
650 #1 - SUBJECT ADDED ENTRY--TOPICAL TERM
Topical term or geographic name entry element Jazz musicians.
655 #0 - INDEX TERM--GENRE/FORM
Genre/form data or focus term Picture books for children.
655 #7 - INDEX TERM--GENRE/FORM
Genre/form data or focus term Literature.
Source of term lcgft
Authority record control number or standard number https://id.loc.gov/authorities/genreForms/gf2014026415
655 #7 - INDEX TERM--GENRE/FORM
Genre/form data or focus term Biographies.
Source of term lcgft
Authority record control number or standard number https://id.loc.gov/authorities/genreForms/gf2014026049
906 ## - LOCAL DATA ELEMENT F, LDF (RLIN)
a 7
b cbc
c orignew
d 1
e ecip
f 20
g y-gencatlg
942 ## - ADDED ENTRY ELEMENTS (KOHA)
Source of classification or shelving scheme Dewey Decimal Classification
Koha item type Books
Suppress in OPAC No
Holdings
Withdrawn status Lost status Source of classification or shelving scheme Damaged status Not for loan Collection Home library Current library Shelving location Date acquired Total Checkouts Full call number Barcode Date last seen Copy number Price effective from Koha item type
    Dewey Decimal Classification     Juvenile Fiction Footprints International School Library Network Toul Tom Poung Campus Footprints International School Library Network Toul Tom Poung Campus TTP Primary Orange Bookshelves 09/10/2025   CHR 787.87 ML3930.R33 C57 FISTK01468 09/10/2025 1 09/10/2025 Books